Foundations of human development : (Record no. 96329)

MARC details
000 -LEADER
fixed length control field 00605nam a22001937a 4500
005 - DATE AND TIME OF LATEST TRANSACTION
control field 20150916122503.0
010 ## - LCCN (DPL NO)
LC control number ENG-113879
020 ## - INTERNATIONAL STANDARD BOOK NUMBER
International Standard Book Number 9788125059073
Terms of availability 170.00
035 ## - SYSTEM CONTROL NUMBER
System control number EN-97411
037 ## - SOURCE OF ACQUISITION
Source of stock number/acquisition DBAD/PUB
082 ## - DEWEY DECIMAL CLASSIFICATION NUMBER
Classification number 155
245 ## - TITLE STATEMENT
Title Foundations of human development :
Statement of responsibility, etc edited by Asha Singh
Remainder of title a life span approach /
260 ## - PUBLICATION, DISTRIBUTION, ETC. (IMPRINT)
Place of publication, distribution, etc New Delhi
Name of publisher, distributor, etc Orient BlackSwan
Date of publication, distribution, etc 2015
270 ## - ADDRESS
Address 1/24, Asaf Ali Road,
City New Delhi
Postal code 110002
300 ## - PHYSICAL DESCRIPTION
Extent xii,160p. :
Dimensions 24cm(pbk)
Other physical details ill.
500 ## - GENERAL NOTE
General note Includes bibliographical references
700 ## - ADDED ENTRY--PERSONAL NAME
Personal name Singh, Asha
942 ## - ADDED ENTRY ELEMENTS (KOHA)
Source of classification or shelving scheme Dewey Decimal Classification
Item type English Books
Call number suffix FOU
Classification part 155
Holdings
Withdrawn status Lost status Not for loan Collection code Home library Current library Date acquired Source of acquisition Cost, normal purchase price Full call number Barcode Copy number Cost, replacement price Koha item type
    Not For Loan Non-fiction D.B.Act.Division D.B.Act.Division 21/08/2015 DBAD/PUB 170.00 155 FOU EN-97411 1 170.00 English Books

© Delhi Public Library
Hit Counter
free hit counter